| 000 | 01194nab a22002177a 4500 | ||
|---|---|---|---|
| 999 |
_c5252 _d5252 |
||
| 003 | OSt | ||
| 005 | 20240711092756.0 | ||
| 008 | 190514b xxu||||| |||| 00| 0 spa d | ||
| 040 | _cPJ | ||
| 100 |
_96306 _aMessina Anachuri, Sofía |
||
| 245 | 1 | 0 |
_aLa importancia de las medidas razonables del art. 553 Cód. Civ. y Com. ante el incumplimiento de la obligación alimentaria por parte del progenitor /
_cSofía Messina Anachuri. |
| 300 | _ap. 149-157 | ||
| 500 | _aCita Online: TR LALEY AR/DOC/582/2024. | ||
| 505 | _aSumario: I. Presentación.— II. Las costuras.— III. Los hachazos.— IV. Consideraciones finales.Sumario: I. Introducción.— II. La obligación alimentaria de los progenitores para con sus hijos e hijas.— III. El incumplimiento del deber alimentario por parte de los progenitores.— IV. Las medidas razonables del art. 553 Cód. Civ. y Com.— V. Reflexión final. | ||
| 650 | 0 |
_9967 _aDERECHO DE FAMILIA |
|
| 650 | 0 |
_91497 _aCODIGO CIVIL Y COMERCIAL |
|
| 650 | 0 |
_9968 _aALIMENTOS |
|
| 650 | 0 |
_91015 _aRESPONSABILIDAD PARENTAL |
|
| 773 | 0 |
_02844 _93222 _dBuenos Aires : AbeledoPerrot, 1989- _tDerecho de familia. N° 114 - Mayo 2024 _z18511201 |
|
| 942 |
_2udc _cANA |
||